OECD economic studies

Salvato in:
Dettagli Bibliografici
Natura: Periodico
Lingua:inglese
Pubblicazione: Paris OECD
Soggetti:
Tags: Aggiungi Tag
Nessun Tag, puoi essere il primo ad aggiungerne!!

MARC

LEADER 00000nas1a2200000 4500
001 s124448
005 20230713120021.3
022 |a 0255-0822 
041 0 |a eng 
044 |a FR 
245 1 0 |a OECD economic studies 
264 1 |a Paris  |b OECD 
500 |a Titul je do no. 33 (2001/2) spracovaný v BD Knihy 
610 2 0 |a vývoj hospodársky 
610 2 0 |a ukazovatele makroekonomické 
610 2 0 |a OECD